Equipes ganhadoras do CBLOL - Statistics

Estatísticas Gerais
  • Esse quiz foi jogado 74 vezes
    38 desde o último reset
  • A pontuação média é 21 de 22
Estatísticas das Respostas
Ano Campeão % Correto
1° Split 2014 Keyd Stars
100%
CBLoL 2013 paiN Gaming
100%
2° Split 2015 paiN Gaming
100%
1° Split 2021 paiN Gaming
100%
1° Split 2015 INTZ
97%
1° Split 2016 INTZ
97%
2° Split 2016 INTZ
97%
1° Split 2019 INTZ
97%
2° Split 2020 INTZ
97%
2° Split 2022 LOUD
97%
1° Split 2023 LOUD
97%
2° Split 2023 LOUD
97%
1° Split 2017 RED Canids
97%
2° Split 2021 RED Canids
97%
1° Split 2022 RED Canids
97%
2° Split 2019 Flamengo
91%
2° Split 2014 KaBuM
88%
1° Split 2018 KaBuM
88%
2° Split 2018 KaBuM
88%
1° Split 2020 KaBuM
88%
2° Split 2017 Team oNe
82%
CBLoL 2012 VTI Ignis
65%
Nenhum quiz correspondente encontrado
Distribuição das Pontuações
Porcentagem de Pessoas com Cada Pontuação
Percentil de Números Respondidos
Sua Pontuação Histórica
Você não jogou esse quiz desde o último reset